000 00316 a2200157 4500
001 176594
020 _a
040 _cMagnum
100 _aBaker, Stephen
240 1 0 _aOdeio reunioes
_lpor
245 1 0 _aOdeio reunioes
362 0 _a1899
440 1 _aMelhoramentos
697 _aMAGNITO: GERAL
942 _cBK
999 _c176594
_d176594